Marína Čeretková - Gállová bibliografický leták k významnému životnému jubileu

Bibliographic Details
Corporate Author: Krajská knižnica Karola Kmeťka v Nitre
Other Authors: Mižáková, Helena, 1958- (Compiler)
Format: Book
Language:Slovak
PhysicalDescription:1 zložený list [6] s. 21 cm
Published: Nitra Krajská knižnica Karola Kmeťka 2007
ISBN:(brož.)
Edition:[1. vyd.]
Subjects:

MARC

LEADER 00000nam a22000005a 4500
001 vtls009166116
003 SK-MaSNL
005 20260331204744.0
008 071210s2007 xo r 000 0 slo
015 |a SNBSAB2008-00023 
020 |a (brož.) 
040 |a SNK  |b slo  |c SNK  |e AACR2 
072 7 |a 01  |x Bibliografia. Katalógy  |2 konspekt 
080 |a 82:929:821.162.4(041)  |2 2001 
080 |a 929 Čeretková- Gállová, Marína  |2 2001 
080 |a 821.162.4  |2 2001 
100 1 |a Mižáková, Helena,  |d 1958-  |4 com  |9 80024 
245 1 0 |a Marína Čeretková - Gállová  |b bibliografický leták k významnému životnému jubileu  |c [zostavila: Helena Mižáková ; zodp. red.: Marta Pernická ; grafická úprava: Tatiana Némethová] 
250 |a [1. vyd.] 
260 |a Nitra  |b Krajská knižnica Karola Kmeťka  |c 2007 
300 |a 1 zložený list [6] s.  |c 21 cm 
504 |a Usporiadanie chronolog. 16 zázn. o kn. 
600 1 7 |a Čeretková-Gállová, Marína,  |d 1931-2017  |2 snkbubb  |9 5140 
655 7 |a biografické údaje  |2 snkph  |9 289197 
700 1 |a Pernická, Marta  |4 lso  |9 5337 
700 1 |a Némethová, Tatiana  |4 bkd  |9 317665 
710 2 |a Krajská knižnica Karola Kmeťka v Nitre  |9 132267 
999 |c 587484  |d 589414 
952 |a SNK  |b SNK  |y PREZ  |7 0  |p 17A0573259  |o snkOSC 24180  |i snk2007/26978  |8 0  |0 0  |1 0  |4 0  |d 2007-12-10  |l 0  |r 2026-02-23 15:13:53  |w 2026-02-23 
952 |a SNK  |b SNK  |y PREZ  |7 0  |p 17A0573260  |o snkOSC 24180 D1  |i snk2007/26979  |8 0  |0 0  |1 0  |4 0  |d 2007-12-10  |l 0  |r 2026-02-23 15:13:53  |w 2026-02-23